000 00691nam a2200217Ia 4500
005 20250508163744.0
008 008 250505s9999 xx 000 0 eng d
020 _a0-8153-2466-9
037 _aReference
040 _aFEDL
_beng
_cFEDL
041 _aeng
_2eng
084 _a371.1024, SHI
_qFEDL
100 _aShimahara Nobuo K. Ed.
_9776225
245 0 _aPolitics of class room life class room management in international perspective
260 _aNew York, USA
_bGarland Publishing
_c1998
300 _ax,287p.
365 _aUSD
_b65
650 _aClassroom management - Cross-cultural studies
_9776226
942 _cREF
_h371.1024, SHI
999 _c1385086
_d1385086